Statistics for F1 Podiums 1988

Click here to take the quiz!

General Stats

  • This quiz has been taken 134 times
  • The average score is 8 of 10

Answer Stats

Answer% Correct
Alain Prost
100%
Ayrton Senna
100%
Nigel Mansell
94%
Nelson Piquet
93%
Gerhard Berger
92%
Michele Alboreto
79%
Thierry Boutsen
71%
Alessandro Nannini
61%
Ivan Capelli
47%
Eddie Cheever
36%

Score Distribution

Percentile by Number Answered

Percent of People with Each Score

Your Score History

You have not taken this quiz